Click a Poem: The Red Wheelbarrow Quiz Stats

 Plays Quiz Updated Aug 3, 2017

Support Sporcle.
Go Orange.
Score 0/16 Timer 03:00
0 Plays Today
% Correct
???
84.6%
???
82.2%
???
81.8%
???
74.8%
???
70.4%
???
69.2%
???
68.8%
???
67.7%
% Correct
???
65.4%
???
65.3%
???
59.4%
???
58%
???
58%
???
57.8%
???
55.4%
???
52.7%

You're not logged in!

Compare scores with friends on all Sporcle quizzes.
OR
Log In
Forgot?

From the Vault

'H' in Geography

by RobPro

You can't spell geography without 'H.' Well, you could, but geograpy just doesn't have the same ring
Remove Ads.
Support Sporcle.
Get the best of Sporcle when you Go Orange. This ad-free experience offers more features, more stats, and more fun while also helping to support Sporcle. Thank you for becoming a member.

Show Comments

Extras

Top Quizzes Today


Score Distribution

Your Account Isn't Verified!

In order to create a playlist on Sporcle, you need to verify the email address you used during registration. Go to your Sporcle Settings to finish the process.

Report this User

Report this user for behavior that violates our Community Guidelines.

Details: